Music Quiz

Random Music or Clip Quiz

Repetitive Song Titles by Clip Quiz Stats

 Plays Quiz Updated Aug 11, 2016

Challenge
Share
Tweet
Score 0/31 Timer 09:00
2 Plays Today
Year Song % Correct
2000 (0:24)Bye Bye Bye
83.6%
2014 (0:00)Bang Bang
71.4%
1964 (0:53)Fun, Fun, Fun
57.3%
2005 (0:45)Dance, Dance
53.7%
1987 (1:14)Hot Hot Hot
50.1%
1963 (1:47)Louie Louie
49.4%
1965 (4:16)Turn! Turn! Turn!
47.7%
1999 (0:08)Bills, Bills, Bills
47.3%
1987 (1:01)Girls, Girls, Girls
44.5%
1968 (2:31)Mony Mony
43.4%
1974 (3:24)Rebel Rebel
41.6%
1969 (4:00)Sugar, Sugar
39%
1966 (2:22)Monday, Monday
38.4%
2000 (2:04)Maria Maria
38.1%
1993 (2:12)Mmm Mmm Mmm Mmm
37.3%
1996 (4:08)Tonight, Tonight
32.7%
Year Song % Correct
2013 (1:39)La La La
32.2%
1983 (3:42)Say Say Say
27.9%
1989 (1:22)Iko Iko
26%
2007 (1:32)Kiss Kiss
24.6%
2010 (0:16)Blah Blah Blah
22.4%
1976 (2:38)More, More, More
21.4%
1977 (1:55)Mahna Mahna
21.3%
1991 (3:33)Rush Rush
18.7%
1964 (2:57)Perhaps, Perhaps, Perhaps
18%
1937 (3:50)Sing, Sing, Sing
17.5%
1966 (0:35)Cherry, Cherry
17.2%
1983 (3:07)Promises, Promises
15.7%
1978 (3:15)Radio Radio
11%
1996 (2:47)Mother Mother
9%
2011 (1:08)Gucci Gucci
8.8%

You're not logged in!

Compare scores with friends on all Sporcle quizzes.
OR
Log In

You Might Also Like...

Show Comments

Extras

Top Quizzes Today


Score Distribution

Your Account Isn't Verified!

In order to create a playlist on Sporcle, you need to verify the email address you used during registration. Go to your Sporcle Settings to finish the process.

Report this User

Report this user for behavior that violates our Community Guidelines.

Details: